Statistics for Cities with the Most Skyscrapers

Click here to take the quiz!

General Stats

  • This quiz has been taken 36,541 times
    (15,864 since last reset)
  • The average score is 15 of 29

Answer Stats

# City % Correct
257New York City
99%
145Tokyo
90%
145Shanghai
84%
177Dubai
82%
121Chicago
82%
317Hong Kong
80%
40Moscow
70%
82Singapore
69%
83Seoul
63%
55Toronto
59%
74Jakarta
59%
53Kuala Lumpur
57%
103Guangzhou
56%
118Mumbai
56%
65Bangkok
55%
41Osaka
52%
42Miami
51%
40Manila
50%
41Istanbul
41%
40Melbourne
36%
101Shenzhen
30%
49Tianjin
26%
79Chengdu
22%
45Wuhan
21%
112Chongqing
19%
55Nanjing
19%
54Busan
18%
52Panama City
15%
74Shenyang
9%

Score Distribution

Percentile by Number Answered

Percent of People with Each Score

Your Score History

You have not taken this quiz since the last reset